|
|
|
|
| LEADER |
00000nam0a2200000 4500 |
| 001 |
316329 |
| 005 |
20231102002850.0 |
| 020 |
|
|
|a RU
|b 82-71038
|
| 035 |
|
|
|a (RuTPU)RU\TPU\book\341767
|
| 090 |
|
|
|a 316329
|
| 100 |
|
|
|a 20160317d1982 k y0rusy5003 ca
|
| 101 |
0 |
|
|a rus
|
| 102 |
|
|
|a UZ
|
| 105 |
|
|
|a a z 001zy
|
| 200 |
1 |
|
|a Металловедческие вопросы термической обработки сплавов
|e сборник научных трудов
|f Ташкентский политехнический институт им. А. Б. Беруни (ТашПИ)
|
| 210 |
|
|
|a Ташкент
|c [Б. и.]
|d 1982
|
| 215 |
|
|
|a 53 с.
|c ил.
|d 20 см
|
| 320 |
|
|
|a Библиография в конце статей
|
| 606 |
1 |
|
|a Сплавы
|x Термическая обработка
|2 stltpush
|3 (RuTPU)RU\TPU\subj\55917
|9 73870
|
| 610 |
1 |
|
|a металловедение
|
| 610 |
1 |
|
|a штампы
|
| 610 |
1 |
|
|a холодная штамповка
|
| 610 |
1 |
|
|a легированные стали
|
| 610 |
1 |
|
|a термообработка
|
| 610 |
1 |
|
|a структурные параметры
|
| 610 |
1 |
|
|a формирование
|
| 610 |
1 |
|
|a кинетика
|
| 610 |
1 |
|
|a механизм
|
| 675 |
|
|
|a 669.018.4
|z rus
|v 4
|
| 712 |
0 |
2 |
|a Ташкентский политехнический институт им. А. Б. Беруни (ТашПИ)
|2 stltpush
|3 (RuTPU)RU\TPU\col\6741
|
| 801 |
|
0 |
|a RU
|b RuMRKP
|c 19950704
|g psbo
|
| 801 |
|
1 |
|a RU
|b 63413507
|c 20160317
|
| 801 |
|
2 |
|a RU
|b 63413507
|c 20200720
|g RCR
|
| 942 |
|
|
|c BK
|